Vista normal
Vista MARC
Entrada Nombre personal
Número de registros utilizados en: 2
001 - NÚMERO DE CONTROL
- campo de control: 79446
003 - IDENTIFICADOR DEL NÚMERO DE CONTROL
- campo de control: BNPHU
005 - FECHA Y HORA DE LA ÚLTIMA TRANSACCIÓN
- campo de control: 20240301140956.0
008 - DATOS DE LONGITUD FIJA
- campo de control de longitud fija: 210809|| aca||aabn | a|a d
040 ## - FUENTE DE LA CATALOGACIÓN
- Centro catalogador/agencia de origen: DO-SdBNP
- Lengua de catalogación: spa
- Centro/agencia transcriptor: BNPHU
- Normas de descripción: rda
100 1# - ENCABEZAMIENTO-NOMBRE DE PERSONA
- Nombre de persona: Pérez Taveras, Eladio Miguel
375 ## - GÉNERO/SEXO
- Género/Sexo: Masculino
377 ## - LENGUA/LENGUAJE ASOCIADO
- Código del idioma: spa
400 1# - TRAZADO DE VÉASE--NOMBRE DE PERSONA
- Nombre de persona: Taveras, Eladio Miguel Pérez
400 1# - TRAZADO DE VÉASE--NOMBRE DE PERSONA
- Nombre de persona: Pérez, Eladio Miguel
670 ## - FUENTE DE DATOS ENCONTRADOS
- Cita de la fuente: Work cat.: (DO-SdBNP): Miguel Pérez, Eladio Antonio, Derecho Procesal Civil Atualizado,Tomo II :
670 ## - FUENTE DE DATOS ENCONTRADOS
- Cita de la fuente: Pérez Taveras, Eladio Miguel. Régimen legal del embargo inmobiliario de derecho común y los incidentes, 2002:
- Información encontrada: t.p. (Eladio Miguel Pérez Taveras; ex-presidente de la Primera Cámara Civil, comercial y de trabajo del juzgado de primera instancia del Distrito Judicial de La Vega y actual presidente de la Corte de Trabajo del Departamento Judicial de La Vega)
670 ## - FUENTE DE DATOS ENCONTRADOS
- Cita de la fuente: El referimiento en la jurisdicción inmobiliaria, 2010: |b
- Información encontrada: t.p. (Eladio Antonio Miguel Pérez Taveras) portada (Eladio Miguel Pérez)
